| 000 | 01089nam a2200325 c 4500 | ||
|---|---|---|---|
| 999 |
_c52431 _d52431 |
||
| 003 | BLK | ||
| 005 | 20220225170415.0 | ||
| 008 | 180408b bul|||||r ||||||| ||bul|| | ||
| 010 | _aKNG00056355000 | ||
| 020 | _a954-9548-97-Х | ||
| 040 | _aBLK | ||
| 041 |
_aBUL _cBUL |
||
| 080 |
_aБългарска литература _b821.163.2 _x-34 _z821.163.2-34 |
||
| 100 | 1 |
_aРайков, Цвятко Христов _eпърви автор _9284463 |
|
| 139 |
_aРайков, Цвятко Христов _bР 27 |
||
| 245 | 1 | 0 |
_aЛегенди _cЦвятко Христов Райков; худож. Гриша Кубратов. |
| 257 | _aBGR | ||
| 260 |
_bАвангард принт _c2005 |
||
| 300 |
_a150 с. _c20 см |
||
| 380 | _aX | ||
| 500 | _aОфс. изд. | ||
| 653 | _aлегенди | ||
| 659 | _aК | ||
| 700 | 1 |
_aКубратов, Гриша _eхудож. _985104 |
|
| 852 | _aЦб 225381 | ||
| 852 | _aК 821.163.2/Р 27 Ц | ||
| 856 | 4 | _qpdf | |
| 856 | 4 | _qpdf | |
| 942 |
_cKNG _n0 _s1 |
||
| 944 |
_aCR _c03.11.2005 _kЛюдмила_Стоянова |
||
| 944 |
_aED _c25.04.2007 |
||
| 999 | _d52431 | ||